| 000 | 00447nam a22001457a 4500 | ||
|---|---|---|---|
| 999 |
_c7756 _d7754 |
||
| 005 | 20210324162805.0 | ||
| 008 | 210324b ||||| |||| 00| 0 eng d | ||
| 082 | _a345.408 23 | ||
| 100 |
_aMANOHAR AND CHITALEY _96503 |
||
| 245 | _aTHE AIR MANUAL CIVIL AND CRIMINAL ESSENTIAL EVIDENCE ACT, (1872) SECTION- 91 TO FACTORIES ACT,(1948) | ||
| 260 |
_aNAGPUR _bTHE ALL INDIA REPORTER PVT.LTD. |
||
| 300 | _a1260,p | ||
| 650 |
_aLAW _95701 |
||
| 942 | _cJRL | ||